Can You Guess The College Logo? - Statistics

General Stats
  • This quiz has been taken 452 times
  • The average score is 11 of 15
Answer Stats
Picture Answer % Correct
Clemson
97%
North Carolina
95%
Arizona
93%
Florida
90%
California
88%
Virginia Tech
87%
Michigan
84%
Alabama
82%
Oregon
78%
Arizona St
77%
East Carolina
69%
Buffalo
64%
Southern Miss
44%
Charlotte
43%
Stony Brook
23%
No matching quizzes found
Score Distribution
Percent of People with Each Score
Percentile by Number Answered
Your Score History
You have not taken this quiz